000 00351cam a2200145 4500
001 L135313
008 061013n2005 000 0 eng u
020 _a0750665440
035 _a(Sirsi) u135313
100 _aSmith, Peter
245 _aArchiecture in a climate of change
260 _aArchitectural Press
_c2005
350 _a19.99
942 _n0
999 _c105998
_d105998